Kraje najbliżej Gwinei - Statystyki

Ogólne statystyki
  • Ten quiz został rozwiązany 36 razy
  • Średni wynik to 15 z 20
Statystyki odpowiedzi
km kraj % Poprawnych
1001 Niger
93%
1657 Maroko
90%
1137 Nigeria
90%
1409 Algieria
86%
0 Gwinea Bissau
86%
0 Mali
86%
0 Senegal
83%
875 Togo
83%
947 Benin
79%
0 Côte d'Ivoire
79%
74 Gambia
79%
540 Ghana
79%
280 Mauretania
79%
0 Liberia
76%
267 Burkina Faso
72%
0 Sierra Leone
72%
1831 Kamerun
69%
965 Sahara Zachodnia
34%
1684 Hiszpania
31%
996 Cabo Verde
28%
Nie znaleziono quizów pasujących do podanych kryteriów
Rozkład punktacji
Procent ludzi z każdym wynikiem
Percentyl według liczby udzielonych odpowiedzi
Twoja historia wyników
Nie rozwiązałeś tego quizu